000 00776nam a2200265Ia 4500
003 OSt
005 20220926021021.0
006 a|||||r|||| 00| 0
007 ta
008 220923b |||||||| |||| 00| 0 eng d
020 _a0791439240
037 _cGeneral Book
040 _aRTL
_cRTL
_beng
041 _2eng
_aeng
082 _aQ2:(G:55), N8
100 _aNelson Lance E
_9325607
245 0 _aPurifying the eathly body of God
_b Religion and eco
260 _aNew York
_bState University of New Press
_c1998
300 _aviii, 366p Bibliography chapterwise
_ccm.
490 _aSunny Series in Religious Studies
650 _a Religion
650 _aHindu
942 _hQ2:(G:55), N8
_cGB
_2CC
999 _c635499
_d635499